Environmental analysis and technology for the refining industry / (Record no. 2167)

MARC details
000 -LEADER
fixed length control field 01220nac a22002651u 4500
010 ## - LIBRARY OF CONGRESS CONTROL NUMBER
LC control number 2005001262
020 ## - INTERNATIONAL STANDARD BOOK NUMBER
International Standard Book Number 0471679429 (acid-free paper)
020 ## - INTERNATIONAL STANDARD BOOK NUMBER
International Standard Book Number 9780471679424
035 ## - SYSTEM CONTROL NUMBER
System control number (OCoLC)ocm57557688
082 00 - DEWEY DECIMAL CLASSIFICATION NUMBER
Classification number 665.538
Item number Sp324
090 ## - LOCALLY ASSIGNED LC-TYPE CALL NUMBER (OCLC); LOCAL CALL NUMBER (OCLC)
-- 2167
-- 2167
100 ## - MAIN ENTRY--PERSONAL NAME
Personal name Speight, J. G.
245 10 - TITLE STATEMENT
Title Environmental analysis and technology for the refining industry /
Statement of responsibility, etc James G. Speight.
260 ## - PUBLICATION, DISTRIBUTION, ETC. (IMPRINT)
Place of publication, distribution, etc Hoboken, N.J. :
Name of publisher, distributor, etc Wiley-Interscience,2005
Date of publication, distribution, etc 2005.
300 ## - PHYSICAL DESCRIPTION
Extent xii, 349 p. :
Other physical details ill. ;
Dimensions 25 cm.
440 #0 -
-- Chemical analysis ;
-- v. 168
504 ## - BIBLIOGRAPHY, ETC. NOTE
Bibliography, etc Includes bibliographical references and index.
650 #0 - SUBJECT ADDED ENTRY--TOPICAL TERM
Topical term or geographic name as entry element Petroleum refineries
General subdivision Waste disposal
-- Environmental aspects.
650 #0 - SUBJECT ADDED ENTRY--TOPICAL TERM
Topical term or geographic name as entry element Petroleum waste
General subdivision Management.
856 41 - ELECTRONIC LOCATION AND ACCESS
Materials specified Table of contents only
Uniform Resource Identifier <a href="http://www.loc.gov/catdir/toc/ecip056/2005001262.html">http://www.loc.gov/catdir/toc/ecip056/2005001262.html</a>
856 41 - ELECTRONIC LOCATION AND ACCESS
Materials specified Publisher description
Uniform Resource Identifier <a href="http://www.loc.gov/catdir/enhancements/fy0645/2005001262-d.html">http://www.loc.gov/catdir/enhancements/fy0645/2005001262-d.html</a>
856 41 - ELECTRONIC LOCATION AND ACCESS
Materials specified Contributor biographical information
Uniform Resource Identifier <a href="http://www.loc.gov/catdir/enhancements/fy0645/2005001262-b.html">http://www.loc.gov/catdir/enhancements/fy0645/2005001262-b.html</a>
942 ## - ADDED ENTRY ELEMENTS (KOHA)
Item type Book - Borrowing
Call number prefix 665.5Sp324
Holdings
Withdrawn status Item status Damaged status Not for loan Home library Current library Shelving location Date acquired Source of acquisition Total Checkouts Total Renewals Full call number Barcode Date last seen Date last borrowed Koha item type
        Central Library Central Library First floor 07/02/2012 Purchase 1 1 665.5 SPE 000002023 15/07/2025 17/06/2014 Book - Borrowing